[Event "Kaspersky op U16"]
[Site "Tornelo INT"]
[Date "2021.04.02"]
[Round "3"]
[White "Talgatov, Nazar"]
[Black "Lisenkov, Svyatoslav"]
[Result "1-0"]
[WhiteElo "1461"]
[BlackElo "1925"]
[PlyCount "121"]
[EventDate "2021.04.02"]
[EventType "swiss (blitz)"]
[EventRounds "11"]
[EventCountry "RUS"]
[SourceTitle "CBM 201 Extra"]
[Source "ChessBase"]
[SourceDate "2021.05.31"]
[SourceVersion "1"]
[SourceVersionDate "2021.05.31"]
[SourceQuality "1"]

1. d4 Nf6 2. c4 g6 3. Nc3 Bg7 4. e4 d6 5. f3 0-0 6. Be3 e5 7. d5 Nh5 8. Qd2 f5 9. Bd3 f4 10. Bf2 Bf6 11. 0-0-0 Bh4 12. Rf1 Bxf2 13. Qxf2 a5 14. Nge2 Ng7 15. a3 Na6 16. Bc2 Bd7 17. g3 Rb8 18. Nb5 Qe7 19. Qe1 c6 20. Nbc3 Nc7 21. Qd2 b5 22. c5 cxd5 23. Nxd5 Nxd5 24. Qxd5+ Be6 25. Qxd6 Qxd6 26. cxd6 Bc4 27. Rf2 Ne6 28. Nc3 Nd4 29. Nd5 Bxd5 30. exd5 Rbd8 31. Re1 fxg3 32. hxg3 Rxf3 33. Rxf3 Nxf3 34. Re3 Nd4 35. Rxe5 Rxd6 36. Kd1 Nf3 37. Re8+ Kf7 38. Ra8 Rxd5+ 39. Kc1 Rg5 40. Rxa5 Rxg3 41. Bb3+ Kg7 42. Ra7+ Kh6 43. Bg8 Kg5 44. Rxh7 Kf4 45. Kc2 Nd4+ 46. Kd2 g5 47. Rf7+ Ke5 48. Re7+ Kd6 49. Re3 Rg2+ 50. Kd3 Nc6 51. Re6+ Kc5 52. Re3 Rxb2 53. Kc3 Rg2 54. Be6 g4 55. Re4 g3 56. Rg4 Ne5 57. Rg5 Kd6 58. Bh3 Rg1 59. Kc2 Nc4 60. Kb3 Kc6 61. a4 1-0

[Event "Kaspersky op U16"]
[Site "Tornelo INT"]
[Date "2021.04.02"]
[Round "4"]
[White "Talgatov, Nazar"]
[Black "Orozbaev, Eldiar"]
[Result "1-0"]
[WhiteElo "1461"]
[BlackElo "2061"]
[PlyCount "153"]
[EventDate "2021.04.02"]
[EventType "swiss (blitz)"]
[EventRounds "11"]
[EventCountry "RUS"]
[SourceTitle "CBM 201 Extra"]
[Source "ChessBase"]
[SourceDate "2021.05.31"]
[SourceVersion "1"]
[SourceVersionDate "2021.05.31"]
[SourceQuality "1"]

1. d4 Nf6 2. c4 e6 3. Nc3 b6 4. e3 Bb7 5. f3 d5 6. cxd5 exd5 7. Bd3 Nbd7 8. Nge2 c5 9. 0-0 Bd6 10. Nb5 Bb8 11. b3 a6 12. Nbc3 0-0 13. Ba3 Re8 14. Qd2 Qe7 15. e4 Qe6 16. Bc2 Bd6 17. e5 cxd4 18. exd6 dxc3 19. Nxc3 Nc5 20. Rfe1 Qxd6 21. Na4 Qc6 22. Nxc5 bxc5 23. Qf2 d4 24. Bd3 Nd5 25. Be4 Qb5 26. Bxd5 Bxd5 27. Rac1 Qa5 28. Rxe8+ Rxe8 29. Bxc5 d3 30. Be3 f5 31. Rc5 Qb6 32. h3 Qd6 33. Rc1 f4 34. Bc5 Qe5 35. Qd2 Qe2 36. Rd1 Bc6 37. Bf2 Re7 38. Qxd3 Qe6 39. Qd2 Rd7 40. Qc2 Rxd1+ 41. Qxd1 h6 42. Qd8+ Kh7 43. Qd3+ Kg8 44. Qxa6 g5 45. Qc4 Bd5 46. Qd3 h5 47. Kh2 g4 48. fxg4 hxg4 49. hxg4 Qh6+ 50. Kg1 Qe6 51. Qf5 Qd6 52. Qg5+ Kf7 53. Bd4 Bc6 54. Qg7+ Ke8 55. Qe5+ Qxe5 56. Bxe5 f3 57. gxf3 Bxf3 58. g5 Be4 59. Kf2 Kd7 60. Ke3 Bb1 61. a3 Kc6 62. Kd4 Kb5 63. Kc3 Bg6 64. Bd4 Bf7 65. a4+ Ka5 66. Bc5 Bg6 67. Kb2 Bf7 68. Ka3 Ka6 69. b4 Kb7 70. b5 Bd5 71. Kb4 Be4 72. a5 Kc7 73. a6 Kb8 74. Ka5 Ka8 75. b6 Kb8 76. Bd6+ Ka8 77. b7+ 1-0

[Event "Wch FIDE Online U10 Asia qual"]
[Site "Tornelo INT"]
[Date "2020.12.12"]
[Round "4"]
[White "Talgatov, Nazar"]
[Black "Muradylov, Baiel"]
[Result "0-1"]
[WhiteElo "1461"]
[BlackElo "1141"]
[PlyCount "150"]
[EventDate "2020.12.11"]
[EventType "swiss (rapid)"]
[EventRounds "7"]
[EventCountry "ISS"]
[SourceTitle "EXT 2022"]
[Source "ChessBase"]
[SourceDate "2021.10.06"]
[SourceVersion "1"]
[SourceVersionDate "2021.10.06"]
[SourceQuality "1"]

1. d4 d5 2. c4 e6 3. Nc3 Nf6 4. cxd5 exd5 5. Bg5 Nbd7 6. e3 Be7 7. Bd3 0-0 8. Nge2 Re8 9. 0-0 Nf8 10. Bh4 Ng6 11. Bg3 c6 12. Qc2 Bd6 13. Rab1 a5 14. a3 Nh5 15. Bxd6 Qxd6 16. b4 axb4 17. axb4 Nf6 18. b5 Ng4 19. g3 Bd7 20. h3 Nxe3 21. fxe3 Bxh3 22. Qd2 Qe6 23. Bxg6 hxg6 24. Nf4 Qxe3+ 25. Qxe3 Rxe3 26. Rfc1 Bf5 27. Rb2 Rxg3+ 28. Kf2 Rg4 29. Nce2 g5 30. Ng2 Bd7 31. bxc6 Bxc6 32. Kf3 Re4 33. Kf2 Rae8 34. Ra1 Bd7 35. Rd1 Bg4 36. Rdd2 Bxe2 37. Rxe2 Rxe2+ 38. Rxe2 Rxe2+ 39. Kxe2 Kf8 40. Ne3 Ke7 41. Nxd5+ Kd6 42. Ne3 g6 43. Kd3 f5 44. Nc4+ Ke6 45. Ne5 Kf6 46. Nd7+ Ke7 47. Ne5 Kf6 48. Nd7+ Kf7 49. d5 g4 50. Ne5+ Kf6 51. Kd4 g3 52. Nf3 g5 53. d6 Ke6 54. Kc5 g4 55. Nd4+ Kf6 56. Kb6 g2 57. Ne2 Ke6 58. Kc7 f4 59. d7 f3 60. d8Q fxe2 61. Qd6+ Kf5 62. Qg3 b5 63. Kd6 b4 64. Qe5+ Kg6 65. Kd5 g1Q 66. Qe4+ Kh5 67. Qxe2 Qg3 68. Qe8+ Kg5 69. Qg8+ Kf4 70. Qf7+ Ke3 71. Qe6+ Kd2 72. Qh6+ Qe3 73. Qh2+ Kc3 74. Qh8+ Kb3 75. Qh1 Qf3+ 0-1